Jeppy en las banderas #2 - Estadísticas

Estadísticas generales
  • Esta prueba ha sido intentada 1.609 veces
  • La puntuación promedio es 15 de 16
Estadísticas de respuestas
Imagen Respuesta % Correcto
Uruguay
99%
Alemania
98%
China
98%
Australia
97%
Georgia
96%
Albania
95%
Islandia
94%
Sri Lanka
94%
Kosovo
93%
Nepal
92%
Uganda
90%
Líbano
89%
Uzbekistán
86%
Antigua y Barbuda
79%
Papúa Nueva Guinea
77%
Zambia
77%
No se encontraron pruebas coincidentes
Distribución de puntuación
Porcentaje de gente con cada puntuación
Porcentaje por número respondido
Historial de tus puntuaciones
No has intentado esta prueba.